000 00969nam a22001817a 4500
005 20191031112446.0
008 130909b ch ||||| |||| 00| 0 chi d
020 _a962832277X
020 _a9789628322770
100 _a吳慧儀 Huiyi Wu
245 _a談情說理話新約 Tan qing shuo li hua xin yue = A layman's guide to the new testament {ch} /
_c吳慧儀 Wu Wai Yee
250 _aDi 4 ban
_bChinese
260 _a香港 Xianggang :
_b明風出版 Ming feng chu ban ,
_c2004.
300 _a373 p. ;
_bill.
_c21 cm.
504 _aincludes bibliographical references p. 373.
520 _a對有心研讀聖經的信徒來說,新約的內容可能是耳熟能詳,至少也是似曾相識的。本書要旨不僅在綜覽新約全書,更要道出聖經歷史、文學及神學的本質,提供釋經的心得和方法;在談話之間指引讀者由「讀」經進展至「研」經,從而鑑賞新約情理兼備的豐富內容。
942 _2lcc
_cBK
_01
999 _c36969
_d36969